Statistics for Foods Starting with A

Click here to take the quiz!

General Stats

  • This quiz has been taken 200 times
  • The average score is 9 of 15

Answer Stats

Answer% Correct
Apple
99%
Avocado
98%
Almond
91%
Apple Juice
85%
Apple Pie
85%
Asparagus
83%
Apricot
75%
Anchovy
61%
Artichoke
60%
Applesauce
54%
Ale
43%
Ahi
18%
Arugula
18%
Aioli
13%
Allspice
11%

Score Distribution

Percentile by Number Answered

Percent of People with Each Score

Your Score History

You have not taken this quiz